Física sin dogma

Uloženo v:
Podrobná bibliografie
Hlavní autor: Selleri, Franco (Autor)
Médium: Kniha
Jazyk:španělština
Vydáno: Madrid Alianza 1994
Edice:Alianza Universidad, 779
Témata:
Tagy: Přidat tag
Žádné tagy, Buďte první, kdo vytvoří štítek k tomuto záznamu!

MARC

LEADER 00000nam a2200000 a 4500
001 UCZ4378
003 CL-VaPUC
008 951109e19940000SP |||||||||||||||||spa|d
082 0 4 |a 530.01  |b SEL  |2 21 
100 0 |a Selleri, Franco  |e author  |9 348380 
245 1 0 |a Física sin dogma 
246 1 3 |a El conocimiento científico a través de sus avances y retrocesos 
300 |a 237 p 
942 |c BK 
945 |d 19951109 00:00:00  |a rbrito 
260 |a Madrid  |b Alianza  |c 1994 
600 0 |a Copérnico, Nicolás  |9 269241 
600 0 7 |a FERMI, ENRICO  |2 CL-VaPUC  |9 348381 
600 0 |a Einstein, Albert   |e autor  |9 266229 
600 0 |a Pooper, Karl R.  |9 311826 
650 0 |a Filosofía de las ciencias  |9 256466 
650 7 |a FISICA NUCLEAR  |2 CL-VaPUC  |9 270366 
650 7 |a ELECTRONES  |2 CL-VaPUC  |9 322158 
650 7 |a NEUTRONES  |2 CL-VaPUC  |9 313669 
650 0 |a Relatividad  |9 269977 
650 0 |a Energía   |9 259431 
650 0 |a Movimiento  |9 322237 
650 7 |a FISICA MODERNA  |2 CL-VaPUC  |9 316548 
583 |a last modification  |c 20121001 10:34:31  |k Rodrigo Vera 
490 0 |a Alianza Universidad, 779 
999 |c 240779  |d 240777 
952 |0 0  |1 0  |4 0  |6 530_010000000000000_SEL_1994  |7 0  |8 A  |9 252809  |a BIBEDU  |b BIBEDU  |d 2019-11-18  |i 3445917  |o 530.01 SEL 1994  |p 3445917  |r 2019-11-18  |w 2019-11-18  |y BK  |k FIL